Teachers of children who are socially and emotionally maladjusted, (Record no. 22290)

MARC details
000 -LEADER
fixed length control field 01294cam a22002651 4500
001 - CONTROL NUMBER
control field e 58000006
003 - CONTROL NUMBER IDENTIFIER
control field DLC
005 - DATE AND TIME OF LATEST TRANSACTION
control field 20260227111236.0
008 - FIXED-LENGTH DATA ELEMENTS--GENERAL INFORMATION
fixed length control field 740130s1957 xx 000 0 eng
010 ## - LIBRARY OF CONGRESS CONTROL NUMBER
LC control number e 58000006
035 ## - SYSTEM CONTROL NUMBER
System control number (OCoLC)785837
040 ## - CATALOGING SOURCE
Original cataloging agency DLC
Transcribing agency OClU
Modifying agency OCoLC
-- DLC
042 ## - AUTHENTICATION CODE
Authentication code premarc
050 00 - LIBRARY OF CONGRESS CALL NUMBER
Classification number L111
Item number .A6 1957, no. 11
051 ## - LIBRARY OF CONGRESS COPY, ISSUE, OFFPRINT STATEMENT
Classification number LC4691
Item number .M3
082 ## - DEWEY DECIMAL CLASSIFICATION NUMBER
Classification number 371.92
100 1# - MAIN ENTRY--PERSONAL NAME
Personal name Mackie, Romaine Prior,
Dates associated with a name 1899-
245 10 - TITLE STATEMENT
Title Teachers of children who are socially and emotionally maladjusted,
Statement of responsibility, etc. prepared by Romaine P. Mackie [and others] A report based on findings from the study "Qualification and preparation of teachers of exceptional children" [conducted by the Office of Education with the special help of the Association for the Aid of Crippled Children, New York City.
260 ## - PUBLICATION, DISTRIBUTION, ETC.
Place of publication, distribution, etc. Washington]
Name of publisher, distributor, etc. U.S. Dept. of Health, Education, and Welfare, Office of Education
Date of publication, distribution, etc. [1957]
300 ## - PHYSICAL DESCRIPTION
Extent xi, 92p.
Other physical details illus.
Dimensions 24cm.
490 0# - SERIES STATEMENT
Series statement U. S. Office of Education. Bulletin 1957,
Volume/sequential designation no. 11
501 ## - WITH NOTE
With note Copy 2 of L111.A6 with: Costs of attending college / Victor Ernest Hollis. Washington : Govt. Print. Off., 1957. Bound together subsequent to publication.
Institution to which field applies DLC
650 #0 - SUBJECT ADDED ENTRY--TOPICAL TERM
Topical term or geographic name entry element Problem children
General subdivision Education
710 2# - ADDED ENTRY--CORPORATE NAME
Corporate name or jurisdiction name as entry element Association for the Aid of Crippled Children.

No items available.

Powered by Koha